[Event "Challenge"]
[Site "http://www.queenalice.com/game.php?id=1869495"]
[Date "2026.2.19"]
[Round "-"]
[White "TammieM3ENF"]
[Black "Ticovi"]
[Result "0-1"]
[WhiteElo "1347"]
[BlackElo "1404"]

1. d4 d5 2. Nc3 Nf6 3. Nf3 Nc6 4. e3 Bg4 5. Be2 e6 6. Bd2 Bb4 7. a4 a5 8. O-O b6
9. e4 Bxc3 10. bxc3 Nxe4 11. c4 Qf6 12. cxd5 exd5 13. Rb1 O-O 14. c4 Bxf3 15. c5
Bxe2 16. Qxe2 Nxd4 17. Qd1 bxc5 18. Rb7 c6 19. Qe1 Qg6 20. Qe3 Nxd2 21. Qxd2
Nf3+ 22. Kh1 Nxd2 23. Rd1 Rab8 24. Rbb1 Rxb1 25. Rg1 Rxg1+ 26. Kxg1 Qb1# 0-1

[Event "OCEAN DROP"]
[Site "http://www.queenalice.com/game.php?id=1870158"]
[Date "2026.3.6"]
[Round "-"]
[White "zubarev"]
[Black "TammieM3ENF"]
[Result "1-0"]
[WhiteElo "1772"]
[BlackElo "1314"]

1. d4 Nf6 2. Nc3 d5 3. Nf3 Rg8 4. e3 e6 5. Bd3 Bd7 6. Ne5 Be7 7. f4 Nc6 8. Bd2
h6 9. O-O g5 10. fxg5 Ng4 11. Nxf7 Qc8 12. Qxg4 h5 13. Qxh5 e5 14. Nd6+ Kd8 15.
Nxc8 Rxc8 16. Nxd5 Rxg5 17. Qh8+ Be8 18. Nxe7 Nxe7 19. e4 Kd7 20. Bxg5 c5 21.
Qf6 Kc7 22. Qxe7+ Bd7 23. Bb5 Re8 24. Qxd7+ Kb6 25. Qxe8 a6 26. dxc5+ Kxc5 27.
Be7+ Kd4 28. Rad1+ Ke3 29. Bg5+ Kxe4 30. Bf6 axb5 31. Qxe5# 1-0

[Event "AUTO-OPEN-4642"]
[Site "http://www.queenalice.com/game.php?id=1870188"]
[Date "2026.3.7"]
[Round "1"]
[White "TammieM3ENF"]
[Black "zubarev"]
[Result "0-1"]
[WhiteElo "1316"]
[BlackElo "1770"]

1. d4 d5 2. Bd2 Nf6 3. Nc3 e6 4. e3 Bb4 5. f4 Nc6 6. g4 O-O 7. g5 Nd7 8. h4 f6
9. f5 Bxc3 10. bxc3 exf5 11. h5 fxg5 12. h6 g6 13. Rh2 Nf6 14. Rg2 Nh5 15. e4
dxe4 16. Rxg5 Nf6 17. c4 Nxd4 18. c3 Ne6 19. c5 Nxg5 20. c4 Qe7 21. c6 Qc5 22.
a4 Qxg1 23. c5 Nf3+ 24. Ke2 Ng4 25. Ra3 Qf2# 0-1

[Event "AUTO-OPEN-4642"]
[Site "http://www.queenalice.com/game.php?id=1870209"]
[Date "2026.3.7"]
[Round "1"]
[White "mvson33"]
[Black "TammieM3ENF"]
[Result "1-0"]
[WhiteElo "1890"]
[BlackElo "1304"]

1. e4 e5 2. Nf3 Nf6 3. d3 d6 4. Be2 Nc6 5. O-O Be7 6. Nc3 Bd7 7. Bg5 d5 8. exd5
Nb4 9. Nxe5 h6 10. Bh4 g5 11. Bg3 h5 12. h3 h4 13. Bh2 Bb5 14. a3 Na6 15. Nf3 g4
16. hxg4 h3 17. gxh3 c6 18. dxc6 bxc6 19. Nxb5 cxb5 20. Qd2 b4 21. Ne5 Rxh3 22.
Kg2 bxa3 23. Kxh3 Rb8 24. bxa3 Bd6 25. Qe3 Rb5 26. Nc6+ Qe7 27. Nxe7 Bxe7 28.
Rfe1 Ng8 29. d4 Rb2 30. Bxa6 Rxc2 31. Bd3 a5 32. Bxc2 f5 33. Bb3 Nf6 34. Qxe7#
1-0

[Event "AUTO-INT-3962"]
[Site "http://www.queenalice.com/game.php?id=1870272"]
[Date "2026.3.9"]
[Round "1"]
[White "Ditto"]
[Black "TammieM3ENF"]
[Result "0-1"]
[WhiteElo "1428"]
[BlackElo "1285"]

1. e4 e5 2. Nf3 d6 3. Bc4 c6 4. d3 d5 5. exd5 b5 6. Bb3 c5 7. Nxe5 c4 8. dxc4
bxc4 9. Bxc4 f6 10. Qh5+ g6 11. Nxg6 hxg6 0-1

[Event "AUTO-INT-3962"]
[Site "http://www.queenalice.com/game.php?id=1870273"]
[Date "2026.3.9"]
[Round "1"]
[White "TammieM3ENF"]
[Black "Ditto"]
[Result "1-0"]
[WhiteElo "1307"]
[BlackElo "1406"]

1. e4 e5 2. d3 Nc6 3. c4 Bc5 4. d4 Bxd4 5. b4 d6 6. b5 Nb8 7. c5 Bxc5 8. b6 Bxb6
9. a4 Bd4 10. Ra2 Be6 11. Rc2 1-0